000 03662cam a22006734i 4500
003 PE-LiUPU
005 20250731173544.0
008 150616s1986 pr a rb 000 0 spa d
020 _a0881130125
035 _a(Sirsi) i9780881130126
040 _aPE-LiUPU
_bspa
_cPE-LiUPU
_erda
049 _aPRUA
082 0 4 _a248.4896
_bF77
_221
082 0 4 _a248.4896
_bF77 1986
100 1 _aFoster, Richard J.,
_eautor.
245 1 0 _aAlabanza a la Disciplina /
_c Richard J. Foster.
264 1 _aPuerto Rico :
_bBetania,
_c1986.
300 _a220 páginas ;
_c20 centímetros
336 _atext
_2rdacontent
337 _aunmediated
_2rdamedia
338 _avolume
_2rdacarrier
504 _aIncluye bibliografía.
505 0 _aLas disciplinas internas -- Las disciplinas externas -- Las disciplinas colectivas.
526 _aSEG42
526 _aSEG41
526 _aSEG40
526 _aSEG39
526 _aP94
526 _aP87
526 _aP86
526 _aP85
526 _aP77
526 _aP76
526 _aP35
650 1 4 _aCrecimiento espiritual.
650 2 4 _aVida cristiana (cuakerismo).
910 _ajck
_bjvq
_cjck
910 _tqv
_d20171114
942 _2ddc
_cBOOK
949 _a248.4896 F77
_wDEWEY
_c1
_i34422
_d2016-6-8
_e2016-5-19
_lCCODEBUL1
_mBUL
_n2
_r0
_sY
_tBOOK
_u2015-6-16
_xTEOLOGIA
_zUNKNOWN
_0COMPRA
_o.STAFF. Colección Teología
949 _a248.4896 F77
_wDEWEY
_c2
_i34423
_lCCODEBUL1
_mBUL
_r0
_sY
_tBOOK
_u2015-6-16
_xTEOLOGIA
_zUNKNOWN
_0COMPRA
_o.STAFF. Colección Teología
949 _a248.4896 F77
_wDEWEY
_c3
_i34424
_lCCODEBUL1
_mBUL
_r0
_sY
_tBOOK
_u2015-6-16
_xTEOLOGIA
_zUNKNOWN
_0COMPRA
_o.STAFF. Colección Teología
949 _a248.4896 F77 1960
_wDEWEY
_c1
_iFJ09208
_lCCODEBUJ1
_mBUJ
_p10.00
_r0
_sY
_tBOOK
_u2017-11-14
_xBIBLIOTECA
_zUNKOWN
_0COMPRA
_o.STAFF. Colección General Juliaca
949 _a248.4896 F77 1986
_wDEWEY
_c1
_iFT00341
_lCCODEBUT1
_mBUT
_p{Dolar}10.00
_r0
_sY
_tBOOK
_u2018-06-22
_xBIBLIOTECA
_zUNKOWN
_o.STAFF. Colección General Tarapoto
949 _a248.4896 F77 1986
_wDEWEY
_c2
_iFT01912
_lCCODEBUT1
_mBUT
_p{Dolar}10.00
_r0
_sY
_tBOOK
_u2018-06-22
_xBIBLIOTECA
_zUNKOWN
_o.STAFF. Colección General Tarapoto
994 _aC0
_bPEPRU
596 _a1 2 3
999 _a248.4896 F77
_wDEWEY
_c60626
_i34422
_d60626
_e2016-5-19
_f2021-11-11
_g5
_lCCODEBUL1
_mBUL
_n2
_p33.00
_q1
_r0
_sY
_tBOOK
_u2015-6-16
_xTEOLOGIA
_PP35
_0COMPRA
_o.STAFF. Colección Teología
999 _a248.4896 F77
_wDEWEY
_c2
_i34423
_d2019-1-31
_e2019-1-25
_f2021-11-11
_g5
_lCCODEBUL1
_mBUL
_n1
_p33.00
_r0
_sY
_tBOOK
_u2015-6-16
_xTEOLOGIA
_zUNKNOWN
_0COMPRA
_o.STAFF. Colección Teología
999 _a248.4896 F77
_wDEWEY
_c3
_i34424
_d2019-1-31
_e2019-1-25
_f2021-11-11
_g5
_lCCODEBUL1
_mBUL
_n1
_p33.00
_r0
_sY
_tBOOK
_u2015-6-16
_xTEOLOGIA
_zUNKNOWN
_0COMPRA
_o.STAFF. Colección Teología
999 _a248.4896 F77 1960
_wDEWEY
_c1
_iFJ09208
_d2019-6-7
_f2022-2-4
_g4
_lCCODEBUJ1
_mBUJ
_p10.00
_q1
_r0
_sY
_tBOOK
_u2017-11-14
_xBIBLIOTECA
_zUNKNOWN
_0COMPRA
_o.STAFF. Colección General Juliaca
999 _a248.4896 F77 1986
_wDEWEY
_c1
_iFT00341
_f2019-2-20
_g1
_lCCODEBUT1
_mBUT
_p10.00
_r0
_sY
_tBOOK
_u2018-6-22
_xBIBLIOTECA
_zUNKNOWN
_0DONACION
_o.STAFF. Colección General Tarapoto
999 _a248.4896 F77 1986
_wDEWEY
_c2
_iFT01912
_f2019-2-20
_g1
_lCCODEBUT1
_mBUT
_p10.00
_r0
_sY
_tBOOK
_u2018-6-22
_xBIBLIOTECA
_zUNKNOWN
_0DONACION
_o.STAFF. Colección General Tarapoto
980 _81
_gALBERTO SANCHEZ Responsable de Automatización